[Event "Tournoi francophone 004 Groupe B"]
[Site "Skype"]
[Date "????.??.??"]
[Round "1.1"]
[White "Falardeau, Richard"]
[Black "Brun, Jacques"]
[Result "1-0"]
[WhiteElo "1700"]
[BlackElo "1786"]
[PlyCount "34"]

1. d4 g6 2. e4 Bg7 3. Nf3 c5 4. dxc5 Qa5+ 5. c3 Qxc5 6. Na3 a6 7. Be3 Qa5 8.
Nc4 Qc7 9. Nb6 Ra7 10. Nxc8 Qxc8 11. Bxa7 Nc6 12. Bd4 e5 13. Bb6 Nf6 14. Bc4
O-O 15. Qd3 Re8 16. O-O Ng4 17. Qd5 Nxf2 1-0

[Event "Tournoi francophone 004 Groupe B"]
[Site "Skype"]
[Date "????.??.??"]
[Round "1.2"]
[White "Briere, Jean"]
[Black "Duthoit, Bernard"]
[Result "0-1"]
[WhiteElo "1529"]
[BlackElo "1548"]
[PlyCount "86"]

1. d4 e5 2. dxe5 Nc6 3. Nf3 Qe7 4. Bg5 Qb4+ 5. Nbd2 Qxb2 6. Bf4 Nge7 7. e4 Ng6
8. Be3 Ngxe5 9. Be2 Nxf3+ 10. Nxf3 Bb4+ 11. Bd2 Bxd2+ 12. Nxd2 Qb4 13. O-O O-O
14. Bc4 Qe7 15. Re1 Re8 16. Qf3 Ne5 17. Qe2 b6 18. Nf3 Qf6 19. Nxe5 Qxe5 20.
Qf3 Rf8 21. Rad1 d6 22. Rd5 Qe8 23. h3 Be6 24. Rd4 Rd8 25. Bb3 c5 26. Rd2 c4
27. Bxc4 Bxc4 28. Rd4 Bxa2 29. Red1 Qc6 30. c3 a5 31. Ra1 Qb5 32. Qd3 Qxd3 33.
Rxd3 Bc4 34. Rd4 Ba6 35. f3 Rd7 36. c4 Rc8 37. Ra4 Kf8 38. e5 Ke7 39. f4 dxe5
40. Rxd7+ Kxd7 41. fxe5 Rxc4 42. Rxc4 Bxc4 43. Kf2 Ke6 0-1

[Event "Tournoi francophone 004 Groupe B"]
[Site "Skype"]
[Date "????.??.??"]
[Round "1.3"]
[White "Acikgoz, Tuncay"]
[Black "Bousbia, Amine"]
[Result "0-1"]
[WhiteElo "1617"]
[BlackElo "1614"]
[PlyCount "46"]

1. d4 d5 2. c4 e5 3. dxe5 d4 4. Nf3 Nc6 5. e3 Bb4+ 6. Bd2 dxe3 7. fxe3 Bxd2+ 8.
Nbxd2 Nh6 9. Be2 Ng4 10. Qb3 O-O 11. h3 Ngxe5 12. Nxe5 Qh4+ 13. Kd1 Nxe5 14.
Nf3 Rd8+ 15. Kc1 Qf2 16. Nxe5 Qxe2 17. Rd1 Rxd1+ 18. Qxd1 Qxe3+ 19. Qd2 Qg1+
20. Qd1 Qxd1+ 21. Kxd1 Be6 22. b3 Bf5 23. Ke2 Re8 0-1

[Event "Tournoi francophone 004 Groupe B"]
[Site "Skype"]
[Date "????.??.??"]
[Round "1.4"]
[White "Le Brun, Yves"]
[Black "Lambert, Pierre"]
[Result "0-1"]
[WhiteElo "1532"]
[BlackElo "1807"]
[PlyCount "80"]

1. e4 c5 2. Nc3 e6 3. f4 Nc6 4. Nf3 d6 5. g3 Nf6 6. Bg2 Be7 7. O-O O-O 8. d3
Rb8 9. Qe1 b5 10. h3 Qb6 11. Be3 d5 12. exd5 exd5 13. Bf2 Re8 14. Qd2 Bb7 15.
Rae1 Qa5 16. a3 Bd6 17. Re2 b4 18. Nb1 Rxe2 19. Qxe2 Re8 20. Qd2 Qc7 21. Nh4
Qd7 22. Kh2 a5 23. a4 Ne7 24. Qd1 Qxa4 25. Nd2 Qd7 26. Ndf3 Nf5 27. Nxf5 Qxf5
28. Qd2 d4 29. Nh4 Qd7 30. Bxb7 Qxb7 31. Nf5 Qd7 32. Nxd6 Qxd6 33. Be1 Nd5 34.
Qf2 Ne3 35. Rg1 Qd5 36. g4 Nd1 37. Qd2 Qf3 38. Rg2 Ne3 39. Rf2 Nf1+ 40. Rxf1
Qxf1 0-1

[Event "Tournoi francophone 004 Groupe B"]
[Site "Skype"]
[Date "????.??.??"]
[Round "1.5"]
[White "Hargez, Dany"]
[Black "Sauvaget, Joel"]
[Result "0-1"]
[WhiteElo "1484"]
[BlackElo "1658"]
[PlyCount "70"]

1. e4 e5 2. Nf3 Nc6 3. d4 exd4 4. Nxd4 Nf6 5. e5 Nxe5 6. Bc4 Nxc4 7. O-O Be7 8.
Re1 O-O 9. Bg5 d5 10. Nc3 c6 11. b3 Nb6 12. h3 Bb4 13. Re3 Nbd7 14. Nf3 Qc7 15.
Ne2 Ne4 16. c3 Bc5 17. Ned4 Nxg5 18. Nxg5 Nf6 19. Qd3 h6 20. Ngf3 Ne4 21. Nd2
Nf6 22. Rae1 Bd7 23. Nf5 Bxf5 24. Qxf5 Bxe3 25. Rxe3 Rae8 26. Qd3 Rxe3 27. fxe3
Re8 28. Qd4 Qb6 29. Nf1 Qxd4 30. cxd4 Ne4 31. a4 a5 32. g3 Nc3 33. Kf2 Re6 34.
Nd2 Nd1+ 35. Ke2 Nxe3 0-1

[Event "Tournoi francophone 004 Groupe B"]
[Site "Skype"]
[Date "????.??.??"]
[Round "2.1"]
[White "Brun, Jacques"]
[Black "Sauvaget, Joel"]
[Result "1-0"]
[WhiteElo "1786"]
[BlackElo "1658"]
[PlyCount "145"]

1. e4 e5 2. Nf3 Nc6 3. Bb5 d6 4. c3 Bd7 5. h3 Nf6 6. d3 Be7 7. Bg5 h6 8. Bh4 a6
9. Ba4 b5 10. Bc2 O-O 11. O-O Re8 12. Re1 Qc8 13. d4 exd4 14. cxd4 Nd8 15. a3
Ne6 16. Qd3 g6 17. b4 Kh7 18. Nc3 Nf4 19. Qe3 N6h5 20. Bxe7 Rxe7 21. Kh2 Nxg2
22. Kxg2 Bxh3+ 23. Kh2 Qg4 24. Rg1 Qd7 25. Nd5 Ree8 26. Rg3 Be6 27. Nf4 Nxg3
28. fxg3 Bg4 29. e5 dxe5 30. Nxe5 Qc8 31. Rf1 c6 32. Kg2 Bf5 33. Qf2 Rg8 34.
Nfxg6 Bxg6 35. Bxg6+ Kh8 36. Qxf7 Rg7 37. Qa2 Qg8 38. Nf7+ Rxf7 39. Qxf7 Qxf7
40. Rxf7 Kg8 41. Rc7 Kf8 42. Bf5 Ke8 43. Rc8+ Rxc8 44. Bxc8 Ke7 45. Bb7 Kd6 46.
Kf3 Kd5 47. Ke3 Kc4 48. Bxc6 Kb3 49. d5 Kxa3 50. Ke4 Kxb4 51. d6 Kc5 52. Bxb5
Kxd6 53. Bxa6 Ke6 54. Bc8+ Kf6 55. Kf4 Kg6 56. Bd7 Kf6 57. Ba4 Kg6 58. Bc2+ Kf6
59. Kg4 Kg7 60. Kh5 Kf6 61. Kxh6 Kf7 62. g4 Kf6 63. g5+ Kf7 64. g6+ Ke7 65. g7
Ke8 66. g8=Q+ Ke7 67. Qg6 Kd7 68. Qg7+ Kd8 69. Qf7 Kc8 70. Qe7 Kb8 71. Qd7 Ka8
72. Be4+ Kb8 73. Qb7# 1-0

[Event "Tournoi francophone 004 Groupe B"]
[Site "Skype"]
[Date "????.??.??"]
[Round "2.2"]
[White "Lambert, Pierre"]
[Black "Hargez, Dany"]
[Result "1-0"]
[WhiteElo "1807"]
[BlackElo "1484"]
[PlyCount "35"]

1. e4 e5 2. Nf3 Nc6 3. d4 Bb4+ 4. c3 Ba5 5. Bc4 Nf6 6. dxe5 Nxe4 7. Qd5 O-O 8.
Qxe4 Re8 9. O-O d6 10. Bxf7+ Kxf7 11. Ng5+ Ke7 12. exd6+ Kxd6 13. Rd1+ Kc5 14.
Be3+ Kb5 15. a4+ Ka6 16. Qc4+ b5 17. Qxc6+ Bb6 18. axb5# 1-0

[Event "Tournoi francophone 004 Groupe B"]
[Site "Skype"]
[Date "????.??.??"]
[Round "2.3"]
[White "Bousbia, Amine"]
[Black "Le Brun, Yves"]
[Result "1-0"]
[WhiteElo "1614"]
[BlackElo "1532"]
[PlyCount "89"]

1. e4 e5 2. Nf3 d6 3. Bc4 Be7 4. Nc3 Nf6 5. h3 h6 6. d4 Nbd7 7. dxe5 Nxe5 8.
Nxe5 dxe5 9. Qxd8+ Bxd8 10. O-O O-O 11. Rd1 c6 12. Be3 Bc7 13. Rd3 Re8 14. Rd2
Be6 15. Bxe6 Rxe6 16. Rad1 Kf8 17. f3 b5 18. b4 Ke8 19. a4 a6 20. a5 Rd8 21.
Rxd8+ Bxd8 22. Bb6 Nd7 23. Bxd8 Kxd8 24. Rd3 Kc7 25. Kf2 g5 26. Nd1 Rd6 27. Ne3
Rxd3 28. cxd3 c5 29. bxc5 Nxc5 30. Ke2 Nb3 31. Ng4 h5 32. Nxe5 f6 33. Ng6 Kd6
34. h4 Nd4+ 35. Ke3 Kc5 36. Nf8 Nc6 37. Nd7+ Kb4 38. Nxf6 gxh4 39. Nxh5 Kc3 40.
d4 Nxd4 41. Nf6 Nc2+ 42. Kf2 Kd3 43. e5 Nd4 44. Nd5 Ne6 45. Nb4+ 1-0

[Event "Tournoi francophone 004 Groupe B"]
[Site "Skype"]
[Date "????.??.??"]
[Round "2.4"]
[White "Duthoit, Bernard"]
[Black "Acikgoz, Tuncay"]
[Result "0-1"]
[WhiteElo "1548"]
[BlackElo "1617"]
[PlyCount "94"]

1. e4 c6 2. d4 d5 3. e5 c5 4. c3 Nc6 5. Nf3 Bg4 6. Be2 cxd4 7. cxd4 e6 8. Nc3
Qb6 9. a3 Bxf3 10. Bxf3 Qxd4 11. Qxd4 Nxd4 12. O-O Nxf3+ 13. gxf3 Ne7 14. b4
Nc6 15. f4 Nd4 16. Kg2 Rc8 17. Bb2 a5 18. bxa5 Nb3 19. Rad1 Bxa3 20. Bxa3 Rxc3
21. Rb1 Nxa5 22. Bb4 Rc4 23. Bxa5 Rxf4 24. Rxb7 O-O 25. Rfb1 g6 26. Rb8 Re4 27.
Rxf8+ Kxf8 28. Rb8+ Ke7 29. Rb7+ Ke8 30. Rb8+ Kd7 31. Rb7+ Kc6 32. Rxf7 Rxe5
33. Rxh7 d4 34. Rh6 Rxa5 35. Rxg6 Kd5 36. Rg5+ e5 37. f4 Kc4 38. fxe5 d3 39.
Rg4+ Kc3 40. e6 d2 41. Rg3+ Kc2 42. Re3 d1=Q 43. e7 Rg5+ 44. Kf2 Qg1+ 45. Ke2
Rf5 46. Rf3 Re5+ 47. Re3 Rxe3# 0-1

[Event "Tournoi francophone 004 Groupe B"]
[Site "Skype"]
[Date "????.??.??"]
[Round "2.5"]
[White "Falardeau, Richard"]
[Black "Briere, Jean"]
[Result "1-0"]
[WhiteElo "1700"]
[BlackElo "1529"]
[PlyCount "49"]

1. e4 e5 2. d4 exd4 3. Nf3 Nc6 4. Bc4 Be7 5. O-O d6 6. Nxd4 Ne5 7. Bb3 Nf6 8.
Nc3 O-O 9. f4 c5 10. fxe5 dxe5 11. Nf5 Qc7 12. Nd5 Nxd5 13. Qxd5 Be6 14. Nxe7+
Qxe7 15. Qxe5 Rfe8 16. Bd5 Bxd5 17. Qxe7 Rxe7 18. exd5 Rd8 19. c4 Re2 20. b3
Rde8 21. Bf4 R8e4 22. Bb8 Rd4 23. Rfe1 Rde4 24. Rxe2 Rxe2 25. Bxa7 1-0

[Event "Tournoi francophone 004 Groupe B"]
[Site "Skype"]
[Date "????.??.??"]
[Round "3.1"]
[White "Briere, Jean"]
[Black "Brun, Jacques"]
[Result "0-1"]
[WhiteElo "1529"]
[BlackElo "1786"]
[PlyCount "122"]

1. e4 c5 2. Nf3 Nc6 3. d4 cxd4 4. Nxd4 g6 5. Nc3 Bg7 6. Nxc6 bxc6 7. Bc4 d6 8.
O-O Nf6 9. h3 Nd7 10. Qf3 O-O 11. Bf4 Be5 12. b4 a5 13. Rab1 axb4 14. Rxb4 Bxf4
15. Qxf4 Ba6 16. Bxa6 Rxa6 17. Qe3 e6 18. Ra1 d5 19. exd5 cxd5 20. a4 Qf6 21.
Rf4 Qe5 22. Re1 Qxe3 23. Rxe3 Rc8 24. Rb4 Rac6 25. Nxd5 exd5 26. Re7 R6c7 27.
Kf1 Nf6 28. Rxc7 Rxc7 29. a5 Rxc2 30. Ra4 Rc8 31. a6 Ra8 32. a7 Kf8 33. Ra5 Ke7
34. Ra6 Ng8 35. Ke2 Kd7 36. Ke3 Ne7 37. Kd4 Kc7 38. g4 Nc6+ 39. Kc5 Nxa7 40.
Kxd5 Rd8+ 41. Kc5 Nc8 42. Rf6 Rf8 43. f4 Kd7 44. g5 Ne7 45. Rd6+ Kc7 46. Ra6
Nf5 47. Ra7+ Kd8 48. Ra8+ Ke7 49. Rxf8 Kxf8 50. Kd5 Ke7 51. Ke5 h5 52. Kd5 f6
53. Ke4 Ke6 54. gxf6 Kxf6 55. Kf3 Nd6 56. h4 Kf5 57. Kg3 Ke4 58. Kh3 Nf5 59.
Kg2 Nxh4+ 60. Kh3 Nf5 61. Kg2 Kxf4 0-1

[Event "Tournoi francophone 004 Groupe B"]
[Site "Skype"]
[Date "????.??.??"]
[Round "3.2"]
[White "Acikgoz, Tuncay"]
[Black "Falardeau, Richard"]
[Result "0-1"]
[WhiteElo "1617"]
[BlackElo "1700"]
[PlyCount "52"]

1. d4 Nf6 2. c4 g6 3. Nc3 Bg7 4. e4 d6 5. Bd3 O-O 6. Nge2 e5 7. d5 Nbd7 8. O-O
Nc5 9. Bc2 a5 10. a3 Nh5 11. Rb1 f5 12. exf5 Bxf5 13. Bxf5 gxf5 14. f4 Qh4 15.
b4 axb4 16. axb4 Nd7 17. Nb5 Rac8 18. Bb2 Bh6 19. Rf3 Nxf4 20. Nxf4 Bxf4 21. g3
Qg4 22. Kf2 Bh6 23. Ra3 Qxc4 24. Na7 Ra8 25. Rc3 Qxb4 26. Rxc7 Qb6+ 0-1

[Event "Tournoi francophone 004 Groupe B"]
[Site "Skype"]
[Date "????.??.??"]
[Round "3.3"]
[White "Le Brun, Yves"]
[Black "Duthoit, Bernard"]
[Result "0-1"]
[WhiteElo "1532"]
[BlackElo "1548"]
[PlyCount "82"]

1. e4 e6 2. d3 d5 3. Nd2 dxe4 4. Nxe4 Nf6 5. Nxf6+ Qxf6 6. Nf3 Bd6 7. c3 Qd8 8.
Bg5 Be7 9. Bf4 Nc6 10. Be2 O-O 11. Qc2 Bf6 12. O-O Re8 13. Rae1 e5 14. Be3 Bf5
15. Rd1 Re6 16. Nd2 Rd6 17. Ne4 Bxe4 18. dxe4 Bg5 19. Rxd6 cxd6 20. Qd2 Bxe3
21. Qxe3 Qe7 22. Rd1 Rd8 23. Bc4 b6 24. Bd5 Qc7 25. Qf3 Rf8 26. Rd3 Ne7 27. Bb3
Ng6 28. Qd1 Rd8 29. Rf3 Rf8 30. h3 Nf4 31. Kh2 Ne6 32. Rg3 Qe7 33. Qg4 g6 34.
h4 h5 35. Qxh5 Nf4 36. Qg4 Kg7 37. Re3 Rh8 38. g3 g5 39. Bd1 Kf8 40. Kg1 gxh4
41. gxh4 Rg8 0-1

[Event "Tournoi francophone 004 Groupe B"]
[Site "Skype"]
[Date "????.??.??"]
[Round "3.4"]
[White "Hargez, Dany"]
[Black "Bousbia, Amine"]
[Result "0-1"]
[WhiteElo "1484"]
[BlackElo "1614"]
[PlyCount "68"]

1. e4 c5 2. Nf3 d6 3. Bb5+ Bd7 4. Bxd7+ Nxd7 5. O-O Ngf6 6. Nc3 e6 7. d4 cxd4
8. Nxd4 Be7 9. Bg5 O-O 10. Nf3 Nc5 11. Re1 Rc8 12. e5 dxe5 13. Nxe5 Qb6 14. b3
Rfd8 15. Qe2 Nxb3 16. axb3 Rxc3 17. Bxf6 Bxf6 18. Nc4 Rxc4 19. bxc4 Bxa1 20.
Rxa1 Rc8 21. Rd1 g6 22. g3 Qb4 23. Rd4 b5 24. Rd7 Qxc4 25. Qxc4 Rxc4 26. Rxa7
Rxc2 27. Ra1 Rb2 28. Kf1 b4 29. Ke1 Kg7 30. h4 b3 31. f4 Rh2 32. Ra3 b2 33. Rb3
b1=Q+ 34. Rxb1 Rh1+ 0-1

[Event "Tournoi francophone 004 Groupe B"]
[Site "Skype"]
[Date "????.??.??"]
[Round "3.5"]
[White "Sauvaget, Joel"]
[Black "Lambert, Pierre"]
[Result "0-1"]
[WhiteElo "1658"]
[BlackElo "1807"]
[PlyCount "70"]

1. d4 Nf6 2. Nf3 e6 3. e3 d5 4. Bd3 c5 5. c3 Nc6 6. O-O Bd6 7. h3 O-O 8. Re1
Qc7 9. Nbd2 e5 10. dxe5 Nxe5 11. Nxe5 Bxe5 12. Nf3 Bd6 13. e4 dxe4 14. Bxe4
Nxe4 15. Rxe4 Bf5 16. Re1 Rad8 17. Qb3 Rfe8 18. Be3 Be4 19. Ng5 c4 20. Qa4 Bc6
21. Qc2 g6 22. Bd4 Be5 23. Rad1 Bh2+ 24. Kf1 Qf4 25. Be3 Qf6 26. Rxd8 Rxd8 27.
Rd1 Re8 28. Qd2 Ba4 29. Re1 Rd8 30. Bd4 Qf5 31. Nf3 Bf4 32. Qe2 Bd6 33. Qxc4
Bb5 34. Qxb5 Qxb5+ 35. Kg1 Re8 0-1

[Event "Tournoi francophone 004 Groupe B"]
[Site "Skype"]
[Date "????.??.??"]
[Round "4.1"]
[White "Brun, Jacques"]
[Black "Lambert, Pierre"]
[Result "0-1"]
[WhiteElo "1786"]
[BlackElo "1807"]
[PlyCount "30"]

1. e4 c5 2. Nf3 d6 3. d4 cxd4 4. Qxd4 Nf6 5. Nc3 a6 6. Bg5 Nc6 7. Qd2 e6 8.
O-O-O Be7 9. Bc4 Nxe4 10. Nxe4 d5 11. Bxd5 exd5 12. Qxd5 Be6 13. Qxd8+ Rxd8 14.
Bd2 Bxa2 15. b3 Ba3# 0-1

[Event "Tournoi francophone 004 Groupe B"]
[Site "Skype"]
[Date "????.??.??"]
[Round "4.2"]
[White "Bousbia, Amine"]
[Black "Sauvaget, Joel"]
[Result "1-0"]
[WhiteElo "1614"]
[BlackElo "1658"]
[PlyCount "67"]

1. Nf3 d5 2. g3 Nf6 3. Bg2 e6 4. d4 Be7 5. O-O O-O 6. Bf4 Nbd7 7. Nbd2 Nh5 8.
e4 Nxf4 9. gxf4 dxe4 10. Nxe4 Nf6 11. Ne5 Nxe4 12. Bxe4 f5 13. Bg2 c6 14. Kh1
Bd7 15. c3 Bf6 16. Rg1 Be8 17. Qb3 Bf7 18. Nxf7 Rxf7 19. Qxe6 Qf8 20. Bf1 Kh8
21. Bc4 Re7 22. Qxf5 Rf7 23. Bxf7 Qxf7 24. Rg5 Rf8 25. Rg3 g6 26. Qa5 b6 27.
Qb4 Be7 28. Qa4 Bd6 29. Qxc6 Bxf4 30. Rf3 g5 31. h3 Qh5 32. Rg1 Re8 33. Qf6+
Kg8 34. Qxf4 1-0

[Event "Tournoi francophone 004 Groupe B"]
[Site "Skype"]
[Date "????.??.??"]
[Round "4.3"]
[White "Duthoit, Bernard"]
[Black "Hargez, Dany"]
[Result "1-0"]
[WhiteElo "1548"]
[BlackElo "1484"]
[PlyCount "128"]

1. e4 e5 2. d4 Bb4+ 3. c3 Ba5 4. d5 d6 5. Qa4+ Nd7 6. Qxa5 Ngf6 7. Qa4 O-O 8.
Bg5 Nc5 9. Qc2 b6 10. Bb5 Bb7 11. Nd2 Rc8 12. Ngf3 c6 13. dxc6 Bxc6 14. Bxc6
Rxc6 15. O-O d5 16. exd5 Qxd5 17. Bxf6 Rxf6 18. Rfe1 Nd3 19. Re3 e4 20. Ne1
Nxf2 21. Nxe4 Nxe4 22. Rxe4 Qc5+ 23. Rd4 Re8 24. Nf3 Rfe6 25. b4 Qe7 26. Qd1
Qc7 27. Qc2 g6 28. Rad1 Re2 29. R4d2 Qe7 30. Rxe2 Qxe2 31. Qxe2 Rxe2 32. Rd2
Re3 33. c4 Ra3 34. Nd4 a5 35. bxa5 Rxa5 36. Rb2 Ra6 37. Nc6 Ra4 38. Nb4 Kf8 39.
Kf2 Ke7 40. Nd5+ Ke6 41. Nxb6 Ra5 42. Rc2 Kd6 43. Ke3 Kc5 44. Nd7+ Kb4 45. c5
Ra7 46. c6 Rc7 47. Kd4 Kb5 48. Rc5+ Kb4 49. Kd5 Ka3 50. Kd6 Rc8 51. Nb6 Rd8+
52. Nd7 Kxa2 53. c7 Rc8 54. Ke7 f5 55. Nb6 Rxc7+ 56. Rxc7 Kb3 57. Kd6 g5 58.
Nd5 h5 59. Ke5 f4 60. Kf5 f3 61. gxf3 g4 62. fxg4 hxg4 63. Kxg4 Ka4 64. Rb7 Ka5
1-0

[Event "Tournoi francophone 004 Groupe B"]
[Site "Skype"]
[Date "????.??.??"]
[Round "4.4"]
[White "Falardeau, Richard"]
[Black "Le Brun, Yves"]
[Result "1-0"]
[WhiteElo "1700"]
[BlackElo "1532"]
[PlyCount "45"]

1. e4 e5 2. d4 exd4 3. Nf3 Bb4+ 4. c3 dxc3 5. bxc3 Bc5 6. Bc4 h6 7. Ne5 Qf6 8.
f4 d6 9. Nxf7 Be6 10. Bxe6 Qxe6 11. Nxh8 Nf6 12. Nd2 Nbd7 13. Qb3 Qxb3 14. axb3
O-O-O 15. Ng6 Re8 16. Ra4 Be3 17. Kd1 Kb8 18. Re1 Bxd2 19. Bxd2 Nc5 20. e5 Nxa4
21. exf6 Rxe1+ 22. Bxe1 gxf6 23. bxa4 1-0

[Event "Tournoi francophone 004 Groupe B"]
[Site "Skype"]
[Date "????.??.??"]
[Round "4.5"]
[White "Briere, Jean"]
[Black "Acikgoz, Tuncay"]
[Result "0-1"]
[WhiteElo "1529"]
[BlackElo "1617"]
[PlyCount "68"]

1. d4 f5 2. Nf3 Nf6 3. Nc3 e6 4. e3 Bb4 5. Bd2 Bxc3 6. Bxc3 Ne4 7. Bb4 a5 8.
Ba3 d5 9. Ne5 Qg5 10. Qf3 Nd7 11. Nxd7 Bxd7 12. Bd3 b5 13. b4 a4 14. Bxe4 fxe4
15. Qg3 Qxg3 16. hxg3 O-O 17. Ke2 Rf6 18. f3 exf3+ 19. gxf3 Raf8 20. Raf1 Rf5
21. g4 Rg5 22. Bc1 e5 23. e4 Rg6 24. dxe5 dxe4 25. Rh4 exf3+ 26. Rxf3 Bxg4 27.
Rxg4 Rxg4 28. Rxf8+ Kxf8 29. Kf3 Rc4 30. Bf4 Rxf4+ 31. Kxf4 Ke7 32. a3 Ke6 33.
c3 h5 34. Kg5 g6 0-1

[Event "Tournoi francophone 004 Groupe B"]
[Site "Skype"]
[Date "????.??.??"]
[Round "5.1"]
[White "Acikgoz, Tuncay"]
[Black "Brun, Jacques"]
[Result "0-1"]
[WhiteElo "1617"]
[BlackElo "1786"]
[PlyCount "60"]

1. d4 g6 2. e4 Bg7 3. f4 c5 4. c3 cxd4 5. cxd4 d6 6. Nf3 Bd7 7. Bc4 Nc6 8. O-O
Qb6 9. Be3 Qxb2 10. Bb3 Qxa1 11. Qd2 Nf6 12. Nc3 Qxf1+ 13. Kxf1 O-O 14. e5 Ng4
15. h3 Nxe3+ 16. Qxe3 dxe5 17. fxe5 e6 18. Ne4 Rfd8 19. Nd6 Na5 20. Qf4 Rf8 21.
Nd2 Nxb3 22. axb3 Bc6 23. N2e4 Bxe4 24. Nxe4 f6 25. exf6 Bxf6 26. Nxf6+ Rxf6
27. Qxf6 Rf8 28. Qxf8+ Kxf8 29. Ke2 Ke7 30. Kd3 Kd6 0-1

[Event "Tournoi francophone 004 Groupe B"]
[Site "Skype"]
[Date "????.??.??"]
[Round "5.2"]
[White "Le Brun, Yves"]
[Black "Briere, Jean"]
[Result "1-0"]
[WhiteElo "1532"]
[BlackElo "1529"]
[PlyCount "149"]

1. e4 e5 2. d4 exd4 3. Nf3 Nc6 4. Nxd4 Be7 5. Nf5 g6 6. Nxe7 Qxe7 7. Nc3 Nf6 8.
f3 O-O 9. a3 d6 10. Bg5 Qe6 11. Bxf6 Qxf6 12. Nd5 Qd8 13. Be2 Be6 14. O-O Rc8
15. Qd2 Kg7 16. Rad1 Bxd5 17. Qxd5 Qf6 18. c3 Qe5 19. Rd2 Qxd5 20. exd5 Ne7 21.
c4 Rfe8 22. Bd3 c6 23. Be4 f5 24. Bd3 cxd5 25. cxd5 Rc5 26. Bb1 Rxd5 27. Rxd5
Nxd5 28. Kf2 Re5 29. Rd1 Nf4 30. Rd2 d5 31. g3 Ne6 32. f4 Nxf4 33. gxf4 Re7 34.
Kf3 Rd7 35. Ke3 d4+ 36. Rxd4 Re7+ 37. Kd3 Kf6 38. Rd5 a6 39. Kd4 Re6 40. Bd3 b5
41. a4 bxa4 42. Ra5 Rd6+ 43. Rd5 Rxd5+ 44. Kxd5 a5 45. Bb5 g5 46. fxg5+ Kxg5
47. Bxa4 f4 48. Ke4 h5 49. Bd1 Kh4 50. Kxf4 Kh3 51. Bxh5 Kxh2 52. Ke4 Kg2 53.
Kd4 Kf2 54. Kc4 Ke3 55. Kb5 Kd4 56. Kxa5 Kc5 57. b4+ Kc6 58. Ka6 Kc7 59. Ka7
Kc8 60. b5 Kc7 61. b6+ Kd6 62. b7 Ke5 63. b8=Q+ Kd5 64. Kb6 Kd4 65. Qd6+ Ke3
66. Kc5 Ke4 67. Bg6+ Ke3 68. Kc4 Kf3 69. Kd3 Kg4 70. Ke3 Kg5 71. Bf7 Kg4 72.
Qf4+ Kh3 73. Be6+ Kg2 74. Qf2+ Kh1 75. Bd5# 1-0

[Event "Tournoi francophone 004 Groupe B"]
[Site "Skype"]
[Date "????.??.??"]
[Round "5.3"]
[White "Hargez, Dany"]
[Black "Falardeau, Richard"]
[Result "0-1"]
[WhiteElo "1484"]
[BlackElo "1700"]
[PlyCount "94"]

1. e4 d5 2. exd5 Nf6 3. Nc3 Nxd5 4. Bc4 e6 5. Bxd5 exd5 6. Nf3 d4 7. Nb5 c5 8.
O-O Be7 9. c3 Bd7 10. c4 a6 11. Na3 O-O 12. d3 b5 13. Qe2 Re8 14. Qc2 b4 15.
Nb1 Bc6 16. Re1 Bxf3 17. gxf3 Bd6 18. Rxe8+ Qxe8 19. Qd1 Ra7 20. Bg5 f6 21. Bh4
Re7 22. Nd2 Qg6+ 23. Bg3 Bxg3 24. fxg3 Qxd3 25. Ne4 Qe3+ 26. Kg2 Nd7 27. Qf1 f5
28. Re1 Qh6 29. Nf2 Re3 30. f4 Qc6+ 31. Kg1 Qe6 32. Rxe3 dxe3 33. Qe2 exf2+ 34.
Kxf2 Qxe2+ 35. Kxe2 Nf6 36. h3 Ne4 37. Kf3 Nd2+ 38. Ke2 Nxc4 39. b3 Nd6 40. Kd3
Kf7 41. g4 Ke6 42. g5 Kd5 43. h4 Ne4 44. Ke3 Nc3 45. a3 bxa3 46. Kd3 a2 47.
Kxc3 a1=Q+ 0-1

[Event "Tournoi francophone 004 Groupe B"]
[Site "Skype"]
[Date "????.??.??"]
[Round "5.4"]
[White "Sauvaget, Joel"]
[Black "Duthoit, Bernard"]
[Result "1-0"]
[WhiteElo "1658"]
[BlackElo "1548"]
[PlyCount "45"]

1. d4 e5 2. dxe5 Nc6 3. Nf3 Qe7 4. Bf4 Qb4+ 5. Bd2 Qxb2 6. Nc3 Bb4 7. Rb1 Qa3
8. Rb3 Qa5 9. e4 Bxc3 10. Bxc3 Qxa2 11. Bc4 Qa4 12. Bd5 Nge7 13. O-O Nxd5 14.
exd5 Ne7 15. d6 cxd6 16. exd6 Nc6 17. Bxg7 Rg8 18. Re1+ Ne7 19. Rxe7+ Kd8 20.
Bf6 Rg6 21. Bh4 Rxd6 22. Qxd6 Qa1+ 23. Re1+ 1-0

[Event "Tournoi francophone 004 Groupe B"]
[Site "Skype"]
[Date "????.??.??"]
[Round "5.5"]
[White "Lambert, Pierre"]
[Black "Bousbia, Amine"]
[Result "1-0"]
[WhiteElo "1807"]
[BlackElo "1614"]
[PlyCount "47"]

1. e4 c5 2. Nf3 d6 3. d4 cxd4 4. Nxd4 Nf6 5. Nc3 g6 6. Bc4 Bg7 7. O-O O-O 8. f4
a6 9. f5 Nxe4 10. Nxe4 d5 11. fxg6 hxg6 12. Bb3 Qb6 13. Be3 Nc6 14. Nf5 d4 15.
Nh6+ Kh7 16. Ng5+ Kxh6 17. Nxf7+ Kh7 18. Qe1 Bg4 19. Qh4+ Bh5 20. Rf5 Nb4 21.
Rxh5+ gxh5 22. Qxh5+ Bh6 23. Bxh6 Rxf7 24. Bf8+ 1-0

[Event "Tournoi francophone 004 Groupe B"]
[Site "Skype"]
[Date "????.??.??"]
[Round "6.1"]
[White "Brun, Jacques"]
[Black "Bousbia, Amine"]
[Result "1/2-1/2"]
[WhiteElo "1786"]
[BlackElo "1614"]
[PlyCount "114"]

1. e4 e5 2. Nf3 Nf6 3. Nc3 Nc6 4. a3 d5 5. exd5 Nxd5 6. Bb5 Be7 7. Nxe5 Qd6 8.
Nxc6 bxc6 9. Bc4 Nf6 10. h3 O-O 11. O-O Bf5 12. d3 Rab8 13. Bb3 Rfe8 14. Bg5
Nd5 15. Bxe7 Rxe7 16. Ne2 Bxh3 17. gxh3 Qe5 18. Bxd5 cxd5 19. Ng3 Rxb2 20. Rb1
Rxb1 21. Qxb1 c5 22. Qa1 Qe6 23. Kg2 d4 24. Qc1 f5 25. f4 h5 26. Nxh5 Qe2+ 27.
Rf2 Qxh5 28. Qd2 Re3 29. Kg1 Rxh3 30. Rg2 Rh1+ 31. Kf2 Rd1 32. Qa5 Qh3 33. Qd8+
Kh7 34. Rxg7+ Kxg7 35. Qe7+ Kg6 36. Qe8+ Kf6 37. Qf8+ Ke6 38. Qg8+ Ke7 39. Qg7+
Kd8 40. Qf6+ Kd7 41. Qg7+ Ke6 42. Qg8+ Ke7 43. Qg7+ Kd8 44. Qf6+ Kd7 45. Qf7+
Kc8 46. Qe8+ Kc7 47. Qe5+ Kc6 48. Qe8+ Kb6 49. Qb8+ Kc6 50. Qc8+ Kb6 51. Qd8+
Kc6 52. Qa8+ Kc7 53. Qxa7+ Kd8 54. Qb8+ Ke7 55. Qc7+ Kf6 56. Qd8+ Ke6 57. Qe8+
Kd6 1/2-1/2

[Event "Tournoi francophone 004 Groupe B"]
[Site "Skype"]
[Date "????.??.??"]
[Round "6.2"]
[White "Duthoit, Bernard"]
[Black "Lambert, Pierre"]
[Result "0-1"]
[WhiteElo "1548"]
[BlackElo "1807"]
[PlyCount "50"]

1. e4 c5 2. Nf3 Nc6 3. d4 cxd4 4. Nxd4 Nf6 5. Nc3 d6 6. Bb5 Bd7 7. Nxc6 bxc6 8.
Bc4 e6 9. O-O Be7 10. Re1 O-O 11. Bb3 e5 12. f4 Ng4 13. Be3 exf4 14. Bf2 Nxf2
15. Kxf2 Bh4+ 16. g3 fxg3+ 17. hxg3 Qf6+ 18. Kg2 Qg6 19. Re3 Bg5 20. Rd3 Bf4
21. Qf3 Be5 22. Rf1 Rae8 23. Ne2 Bg4 24. Qf2 Qxe4+ 25. Kh2 Qxe2 0-1

[Event "Tournoi francophone 004 Groupe B"]
[Site "Skype"]
[Date "????.??.??"]
[Round "6.3"]
[White "Falardeau, Richard"]
[Black "Sauvaget, Joel"]
[Result "1-0"]
[WhiteElo "1700"]
[BlackElo "1658"]
[PlyCount "47"]

1. e4 d6 2. d4 e6 3. f4 Nf6 4. Bd3 Be7 5. Nc3 Nbd7 6. e5 Ng8 7. Qg4 g6 8. Qh3
Nf8 9. Nge2 f5 10. g4 Bh4+ 11. Ng3 Bxg3+ 12. hxg3 Qe7 13. b3 Bd7 14. Ba3 Bc6
15. gxf5 Bxh1 16. Qxh1 O-O-O 17. fxg6 Nxg6 18. Bxg6 hxg6 19. Qxh8 Qf7 20. O-O-O
Ne7 21. Qf6 Qe8 22. Qxe6+ Kb8 23. exd6 cxd6 24. Bxd6+ 1-0

[Event "Tournoi francophone 004 Groupe B"]
[Site "Skype"]
[Date "????.??.??"]
[Round "6.4"]
[White "Briere, Jean"]
[Black "Hargez, Dany"]
[Result "0-1"]
[WhiteElo "1529"]
[BlackElo "1484"]
[PlyCount "60"]

1. d4 d5 2. Nf3 Bf5 3. Nc3 e6 4. e3 Bb4 5. Bd3 Bxc3+ 6. bxc3 Be4 7. O-O Nf6 8.
Ba3 Nc6 9. Ng5 Ne7 10. Nxe4 dxe4 11. Be2 O-O 12. c4 Re8 13. f3 Ng6 14. fxe4
Nxe4 15. Bh5 Qg5 16. Bc1 Nf6 17. Bxg6 Qxg6 18. Rf3 Ne4 19. Bb2 f5 20. d5 Rad8
21. Bd4 exd5 22. cxd5 Rxd5 23. c4 Rd7 24. Qa4 Red8 25. Rf4 a6 26. Rc1 c6 27.
Bb2 Rd2 28. g3 Rxb2 29. Rxe4 fxe4 30. Rf1 Rdd2 0-1

[Event "Tournoi francophone 004 Groupe B"]
[Site "Skype"]
[Date "????.??.??"]
[Round "6.5"]
[White "Acikgoz, Tuncay"]
[Black "Le Brun, Yves"]
[Result "0-1"]
[WhiteElo "1617"]
[BlackElo "1532"]
[PlyCount "34"]

1. e4 g6 2. f4 Bg7 3. Nf3 d6 4. Bc4 Nf6 5. e5 dxe5 6. fxe5 Nd5 7. O-O e6 8. d4
Nd7 9. Bxd5 exd5 10. e6 Nf6 11. exf7+ Kxf7 12. Ne5+ Kg8 13. Bg5 Qd6 14. Nc3 Ne4
15. Qf3 Bf5 16. Nxe4 dxe4 17. Qf4 Qxd4+ 0-1